Loading...
| History - American History | 2 | 6 | 0 | 0 | 90 | 29 | 77.38 | 3 | 8 |
| History - European History | 0 | 6 | 0 | 2 | 60 | 76 | 108.17 | 1 | 6 |
| History - World History | 0 | 5 | 0 | 1 | 50 | 71 | 96.00 | 1 | 5 |
| Beliefs | 1 | 3 | 1 | 2 | 40 | 24 | 97.00 | 1 | 4 |
| Social Science | 0 | 3 | 0 | 3 | 30 | 108 | 118.33 | 1 | 3 |
| History - Other History | 1 | 1 | 0 | 1 | 25 | 71 | 99.50 | 0 | 2 |
| Philosophy | 0 | 2 | 0 | 0 | 20 | 93 | 99.50 | 0 | 2 |
| History - Ancient History | 1 | 0 | 0 | 0 | 15 | 69 | 69.00 | 1 | 1 |
| Geography | 1 | 0 | 0 | 0 | 15 | 33 | 33.00 | 1 | 1 |
| Literature - European Literature | 0 | 1 | 0 | 1 | 10 | 149 | 149.00 | 1 | 1 |
| Science - Other Science | 0 | 1 | 0 | 0 | 10 | 115 | 115.00 | 0 | 1 |